000 00547nam a2200157 4500
999 _c17050
_d17050
008 220602b ||||| |||| 00| 0 eng d
022 _a0732-8435
082 _aDPer 657.05 C33 Sept - Dec 2012, v. 82 n. 9 - 12
100 _aBecker, Tracy.
_945331
245 _aBusiness credit scores:
_bwhat CPA's need to know/
_cTracy Becker.
260 _aNew York:
_bThe New York State Society of CPA,
_c©2012.
300 _av82 n9, pages 12-13:
_bcolor illustrations;
_c28 cm.
500 _aThe CPA Journal.
650 _aFinance.
_945332
942 _2ddc
_cPER